<?xml version="1.0" encoding="UTF-8"?>
<record
    xmlns:xsi="http://www.w3.org/2001/XMLSchema-instance"
    xsi:schemaLocation="http://www.loc.gov/MARC21/slim http://www.loc.gov/standards/marcxml/schema/MARC21slim.xsd"
    xmlns="http://www.loc.gov/MARC21/slim">

  <leader>01310nam a22002177a 4500</leader>
  <controlfield tag="001">6310</controlfield>
  <controlfield tag="003">FISKH</controlfield>
  <controlfield tag="005">20250528091904.0</controlfield>
  <controlfield tag="008">250409b        cb ||||| |||| 00| 0 eng d</controlfield>
  <datafield tag="040" ind1=" " ind2=" ">
    <subfield code="a">FISKH</subfield>
    <subfield code="b">khr</subfield>
    <subfield code="c">FISKH</subfield>
    <subfield code="d">FISKH</subfield>
  </datafield>
  <datafield tag="050" ind1=" " ind2=" ">
    <subfield code="a">PZ7</subfield>
  </datafield>
  <datafield tag="082" ind1=" " ind2=" ">
    <subfield code="a">895.9323</subfield>
  </datafield>
  <datafield tag="100" ind1=" " ind2=" ">
    <subfield code="a">H L K</subfield>
  </datafield>
  <datafield tag="245" ind1=" " ind2=" ">
    <subfield code="a">&#x1796;&#x17BB;&#x1791;&#x17D2;&#x1792;&#x17B7;&#x179F;&#x17C2;&#x1793; &#x1793;&#x17B6;&#x1784;&#x1780;&#x1784;&#x17D2;&#x179A;&#x17B8; /</subfield>
    <subfield code="c">&#x17A2;&#x17D2;&#x1793;&#x1780;&#x179A;&#x17C0;&#x1794;&#x179A;&#x17C0;&#x1784; &#x17A2;&#x200B; &#x179B; &#x1782;</subfield>
  </datafield>
  <datafield tag="260" ind1=" " ind2=" ">
    <subfield code="a">&#x1797;&#x17D2;&#x1793;&#x17C6;&#x1796;&#x17C1;&#x1789; :</subfield>
  </datafield>
  <datafield tag="300" ind1=" " ind2=" ">
    <subfield code="a">27 pages : </subfield>
    <subfield code="b">illustrations ;</subfield>
    <subfield code="c">20 cm . </subfield>
  </datafield>
  <datafield tag="520" ind1=" " ind2=" ">
    <subfield code="a">&#x1798;&#x17B6;&#x1793;&#x179F;&#x17C1;&#x178A;&#x17D2;&#x178B;&#x17B8;&#x1793;&#x17C5;&#x1793;&#x1782;&#x179A;&#x1798;&#x17BD;&#x1799;&#x1787;&#x17B6;&#x1798;&#x1793;&#x17BB;&#x179F;&#x17D2;&#x179F;&#x17A2;&#x178F;&#x17CB;&#x1780;&#x17BC;&#x1793; &#x1782;&#x17B6;&#x178F;&#x17CB;&#x1794;&#x17B6;&#x1793;&#x1793;&#x17B6;&#x17C6;&#x1794;&#x17D2;&#x179A;&#x1796;&#x1793;&#x17D2;&#x1792;&#x1791;&#x17C5;&#x1794;&#x1793;&#x17CB;&#x179F;&#x17D2;&#x179A;&#x1793;&#x17CB;&#x179A;&#x17A0;&#x17BC;&#x178F;&#x1794;&#x17B6;&#x1793;&#x1780;&#x17BC;&#x1793;&#x17E1;&#x17E2;&#x1793;&#x17B6;&#x1780;&#x17CB;&#x17D4; &#x1787;&#x17B6;&#x17A2;&#x1780;&#x17BB;&#x179F;&#x179B;&#x1782;&#x17B6;&#x178F;&#x17CB;&#x1780;&#x17CF;&#x1792;&#x17D2;&#x179B;&#x17B6;&#x1780;&#x17CB;&#x1781;&#x17D2;&#x179B;&#x17BD;&#x1793;&#x1780;&#x17D2;&#x179A; &#x17A0;&#x17BE;&#x1799;&#x1780;&#x17CF;&#x179F;&#x1798;&#x17D2;&#x179A;&#x17C1;&#x1785;&#x1785;&#x17B7;&#x178F;&#x17D2;&#x178F;&#x1799;&#x1780;&#x1780;&#x17BC;&#x1793;&#x17D7;&#x1791;&#x17C5;&#x1794;&#x17C4;&#x17C7;&#x1785;&#x17C4;&#x179B;&#x1793;&#x17C5;&#x1780;&#x17D2;&#x1793;&#x17BB;&#x1784;&#x1796;&#x17D2;&#x179A;&#x17C3; &#x17D4;&#x200B;&#x1780;&#x17D2;&#x179A;&#x17C4;&#x1799;&#x1798;&#x1780;&#x1799;&#x1780;&#x17D2;&#x179F;&#x179F;&#x17D2;&#x179A;&#x17B8;&#x1780;&#x17CF;&#x1799;&#x1780;&#x1793;&#x17B6;&#x1784;&#x17E1;&#x17E2;&#x1791;&#x17C5;&#x1794;&#x1798;&#x17D2;&#x179A;&#x17BE;&#x1780;&#x17BC;&#x1793;&#x1781;&#x17D2;&#x179B;&#x17BD;&#x1793;&#x1788;&#x17D2;&#x1798;&#x17C4;&#x17C7; &#x1780;&#x1784;&#x17D2;&#x179A;&#x17B8;&#x17D4;&#x200B; </subfield>
  </datafield>
  <datafield tag="650" ind1=" " ind2=" ">
    <subfield code="a">&#x1796;&#x17BB;&#x1791;&#x17D2;&#x1792;&#x17B7;&#x179F;&#x17C2;&#x1793; &#x1793;&#x17B6;&#x1784;&#x1780;&#x1784;&#x17D2;&#x179A;&#x17B8;&#x200B;</subfield>
    <subfield code="v">&#x17A2;&#x1780;&#x17D2;&#x179F;&#x179A;&#x179F;&#x17B7;&#x179B;&#x17D2;&#x1794;&#x17CF;&#x1781;&#x17D2;&#x1798;&#x17C2;&#x179A; </subfield>
  </datafield>
  <datafield tag="650" ind1=" " ind2=" ">
    <subfield code="a">Puthisen Neangkorngrey</subfield>
    <subfield code="v">Khmer Literature </subfield>
  </datafield>
  <datafield tag="942" ind1=" " ind2=" ">
    <subfield code="2">ddc</subfield>
    <subfield code="c">BK</subfield>
    <subfield code="n">0</subfield>
  </datafield>
  <datafield tag="999" ind1=" " ind2=" ">
    <subfield code="c">6310</subfield>
    <subfield code="d">6310</subfield>
  </datafield>
  <datafield tag="952" ind1=" " ind2=" ">
    <subfield code="0">0</subfield>
    <subfield code="1">0</subfield>
    <subfield code="2">ddc</subfield>
    <subfield code="4">0</subfield>
    <subfield code="7">0</subfield>
    <subfield code="8">KH</subfield>
    <subfield code="a">002</subfield>
    <subfield code="b">002</subfield>
    <subfield code="c">TTP Khmer</subfield>
    <subfield code="d">2025-04-09</subfield>
    <subfield code="l">0</subfield>
    <subfield code="o">H L K PZ7 895.9323</subfield>
    <subfield code="p">FIS03854</subfield>
    <subfield code="r">2025-04-09 16:50:18</subfield>
    <subfield code="t">1</subfield>
    <subfield code="w">2025-04-09</subfield>
    <subfield code="y">BK</subfield>
  </datafield>
  <datafield tag="952" ind1=" " ind2=" ">
    <subfield code="0">0</subfield>
    <subfield code="1">0</subfield>
    <subfield code="2">ddc</subfield>
    <subfield code="4">0</subfield>
    <subfield code="7">0</subfield>
    <subfield code="8">KH</subfield>
    <subfield code="a">002</subfield>
    <subfield code="b">002</subfield>
    <subfield code="c">SKB</subfield>
    <subfield code="d">2025-04-09</subfield>
    <subfield code="l">0</subfield>
    <subfield code="o">H L K PZ7 895.9323</subfield>
    <subfield code="p">FISSE01726</subfield>
    <subfield code="r">2025-04-09 16:50:38</subfield>
    <subfield code="t">2</subfield>
    <subfield code="w">2025-04-09</subfield>
    <subfield code="y">BK</subfield>
  </datafield>
  <datafield tag="952" ind1=" " ind2=" ">
    <subfield code="0">0</subfield>
    <subfield code="1">0</subfield>
    <subfield code="2">ddc</subfield>
    <subfield code="4">0</subfield>
    <subfield code="7">0</subfield>
    <subfield code="8">KH</subfield>
    <subfield code="a">002</subfield>
    <subfield code="b">002</subfield>
    <subfield code="c">SKB</subfield>
    <subfield code="d">2025-04-10</subfield>
    <subfield code="l">0</subfield>
    <subfield code="o">H L K PZ7 895.9323</subfield>
    <subfield code="p">FISSE01725</subfield>
    <subfield code="r">2025-04-10 08:18:46</subfield>
    <subfield code="t">3</subfield>
    <subfield code="w">2025-04-10</subfield>
    <subfield code="y">BK</subfield>
  </datafield>
</record>
